000 00766nam a2200253 i 4500
001 98838
003 ES-MaACL
005 20230906182406.0
007 t|
008 051027s1983 sp ||||1| spa d
020 _a84-7490-093-X
080 _a001:1
080 _a5:1
100 1 _aPérez de Laborda, Alfonso.
_990787
245 1 1 _a¿Salvar lo real?
_b: materiales para una filosofía de la ciencia /
_cAlfonso Pérez de Laborda.
250 _a1ª ed.
260 _aMadrid :
_bEncuentro,
_c1983.
300 _a489 p. ;
_c23 cm.
490 1 _aEnsayos (Ediciones Encuentro) ;
_v16
650 _aCiencia-
_xFilosofía.
_910950
830 0 _aEnsayos (Ediciones Encuentro) ;
_v16
_9180604
852 _aES-MaACL
_jL-29251
_bR.136627
999 _c98838
_d98838